02020nam a22002537a 4500003000400000020001800004082001200022100001500034245005100049250000800100260005100108300000800159650003900167653039800206942001600604952015500620952014300775952016900918952016901087952016901256952016901425952015701594999001501751SGT a9788125050858 a421,BAN aBANSAL,R.K aSPOKEN ENGLISH: MANUAL OF SPEECH AND PHONETICS a4TH aNEW DELHIbORIENT BLACKSWAN PRIVATE LTD.c2013 a220 aENGLISH WRITING SYSTEM & PHONOLOGY aPART I - PHONETICS AND SPOKEN ENGLISH 1. INTRODUCTION 2. THE SPEECH MECHANISM 3. THE DESCRIPTION OF SPEECH SOUNDS 4. THE PHONEME; THE SYLLABLE; 5. THE SOUNDS OF ENGLISH - VOWELS 6. THE SOUNDS OF ENGLISH - CONSONANTS 7. WORD ACCENT 8. FEATURES OF CONNECTED SPEECH 9. SUGGESTIONS FOR THE IMPROVEMENT PART II - EXERCISES FOR PRACTICE 1. VOWELS 2. CONSONANTS 3. CONSONANT CLUSTERS 4. CONVERSATIONS 2ddccFCM02 00102ddc40708CMaSSSLbSSSLcDISPLAYd2016-06-14eUBSPDg195.00iSGTUl4o421,BANpCM353r2019-01-17 00:00:00s2019-01-02w2014-10-21yFCMk362357 00102ddc40708CMaSSSLbSSSLcDISPLAYd2016-06-14eUBSPDg195.00iSGTUl0o421,BANpCM354r2016-06-14 00:00:00w2014-10-21yFCMk362357 00102ddc40708MCaSSSLbSSSLcDISPLAYd2017-08-03eAHUJA BOOKS PUBLISHERg225.00iSGTUl1o820, S15BpMC37r2018-07-27 00:00:00s2018-07-17w2016-03-16yBKk6739 00102ddc40708MCaSSSLbSSSLcDISPLAYd2017-08-03eAHUJA BOOKS PUBLISHERg225.00iSGTUl2o820, S15BpMC38r2025-09-18 00:00:00s2025-09-12w2016-03-16yBKk6739 00102ddc40708MCaSSSLbSSSLcDISPLAYd2017-08-03eAHUJA BOOKS PUBLISHERg225.00iSGTUl2o820, S15BpMC39r2018-08-07 00:00:00s2018-07-26w2016-03-16yBKk6739 00102ddc40708MCaSSSLbSSSLcDISPLAYd2017-08-03eAHUJA BOOKS PUBLISHERg225.00iSGTUl3o820, S15BpMC40r2024-02-19 00:00:00s2024-02-07w2016-03-16yBKk6739 00102ddc40708MCaSSSLbSSSLcDISPLAYd2017-08-03eAHUJA BOOKS PUBLISHERg225.00iSGTUl0o820, S15BpMC41r2017-08-03 00:00:00w2016-03-16yBKk6739 c8989d8989